Vysporiadanie príjmov zo závislej činnosti zo zahraničia

Vplyvom aktívnejších vzťahov so zahraničím je veľa prípadov, keď fyzické osoby majú príjmy zo zahraničných zdrojov, u ktorých potrebujú vyriešiť ich zdanenie. Ak fyzickej osobe plynú príjmy nielen zo štátu, kde je daňovým rezidentom, ale len alebo aj z iného štátu, kde pracuje, môžu tieto príjmy pod...

Descrizione completa

Salvato in:
Dettagli Bibliografici
Autore principale: Valterová, Ivana
Natura: Capitolo di libro
Lingua:slovacco
Soggetti:
Tags: Aggiungi Tag
Nessun Tag, puoi essere il primo ad aggiungerne!!

MARC

LEADER 00000naa a2200000 4500
001 0282788
005 20240417075159.6
041 0 |a slo 
044 |a SK 
245 1 0 |a Vysporiadanie príjmov zo závislej činnosti zo zahraničia  |c Ivana Valterová 
520 |a Vplyvom aktívnejších vzťahov so zahraničím je veľa prípadov, keď fyzické osoby majú príjmy zo zahraničných zdrojov, u ktorých potrebujú vyriešiť ich zdanenie. Ak fyzickej osobe plynú príjmy nielen zo štátu, kde je daňovým rezidentom, ale len alebo aj z iného štátu, kde pracuje, môžu tieto príjmy podliehať daňovej povinnosti podľa daňových predpisov oboch štátov. Na vylúčenie medzinárodného dvojitého zdanenia štáty uzatvárajú medzinárodné zmluvy o zamedzení dvojitého zdanenia. 
610 2 0 |a príjmy 
610 2 0 |a zdaňovanie 
610 2 0 |a osoby fyzické 
610 2 0 |a priznania daňové 
610 2 0 |a predpisy daňové 
610 2 0 |a práca závislá 
610 2 0 |a zdanenie dvojité 
100 1 |a Valterová, Ivana